000 00636nam a2200193Ia 4500
005 20260114185558.0
008 008 260114s9999 xx 000 0 eng d
020 _a9781838602291
037 _aEBOOK
040 _aCRL
_beng
_cCRL
041 _aeng
_2eng
084 _qCRL
100 _aM ire N¡ Mhaonaigh, Rory Naismith and Elizabeth Ashman Rowe
_9871802
245 0 _aWriting Battles New Perspectives on Warfare and Memory in Medieval Europe
260 _bBloomsbury
_c2020
856 _uhttps://doi.org/10.5040/9781838602291?locatt=label:secondary_bloomsburyCollections
942 _cEBOOK
999 _c1470750
_d1470750